000 01267nam a22002057a 4500
005 20231220113841.0
010 _aB-748224-237 HIN-126584-85
020 _c1050.00
_a9788195604425(भा-1)
020 _c1050
_a9788195604401(भा-2)
035 _aB-748224-237 HN-98930-31
037 _bइक्नोमी इंडिया
082 _a364.132
100 _aमनोहर मनोज
_960010
245 _aभ्रष्टाचार के विरूध्द एक महायुध्द /
_cमनोहर मनोज
260 _aगाजियाबाद
_bइकनोमी इंडिया पब्लिकेशन
_c2019
270 _a303,हिमगिरी टाॅवर,कोशम्बी ,
_bगाजियाबाद
_e201010
_k0120-4314716
300 _a2भा( 470पृ.386पृ.)
_c22 सेमी.(सजिल्द)
942 _2ddc
_cHN
_mमनोह
_h364.132
999 _c194749
_d194749